书目信息 |
| 题名: |
腐蚀与防护手册
|
|
| 作者: | ;天华化工机械及自动化研究设计院 主编 | |
| 分册: | 第1卷 腐蚀理论、试验及监测 | |
| 出版信息: | 北京 化学工业出版社 2009 |
|
| 页数: | 739页 | |
| 开本: | 24cm | |
| 丛书名: | ||
| 单 册: | ||
| 中图分类: | TB304-62 | |
| 科图分类: | ||
| 主题词: | 腐蚀--手册 , 防腐--手册 , 防腐 , 腐蚀 | |
| 电子资源: | ||
| ISBN: | 978-7-5025-9029-1 | |
| 000 | 00956n|m0 2200289 450 | |
| 001 | 139589 | |
| 005 | 20140912142114.18 | |
| 010 | @a978-7-5025-9029-1@b精装@dCNY 98.00 | |
| 100 | @a20090104d2009 em y0chiy50 ea | |
| 101 | 0 | @achi |
| 102 | @aCN@b110000 | |
| 105 | @ay z 000yy | |
| 135 | @adrbn ---auuuu | |
| 200 | 1 | @a腐蚀与防护手册@Afu shi yu fang hu shou ce@h第1卷@i腐蚀理论、试验及监测@b电子资源.图书@f天华化工机械及自动化研究设计院主编 |
| 205 | @a2版 | |
| 210 | @a北京@c化学工业出版社@d2009 | |
| 215 | @a739页@d24cm | |
| 325 | @a电子复制品 | |
| 330 | @a本书重点叙述了腐蚀与防护的实用基础理论、试验方法、腐蚀监测及腐蚀调查等腐蚀基础层面的内容。 | |
| 606 | 0 | @a腐蚀@j手册 |
| 606 | 0 | @a防腐@j手册 |
| 606 | 0 | @a防腐 |
| 606 | 0 | @a腐蚀 |
| 690 | @aTB304-62@v4 | |
| 711 | 02 | @a天华化工机械及自动化研究设计院@Atian hua hua gong ji xie ji zi dong hua yan jiu she ji yuan@4主编 |
| 801 | 0 | @c20140912 |
| 905 | @a241430@dTB304-62@eT4752:1=2 | |
| 腐蚀与防护手册.第1卷.腐蚀理论、试验及监测[电子资源.图书]/天华化工机械及自动化研究设计院主编.-2版.-北京:化学工业出版社,2009 |
| 739页;24cm |
| ISBN 978-7-5025-9029-1(精装):CNY 98.00 |
| 本书重点叙述了腐蚀与防护的实用基础理论、试验方法、腐蚀监测及腐蚀调查等腐蚀基础层面的内容。 |
| ● |
| 相关链接 |
|
|
|
正题名:腐蚀与防护手册
索取号:TB304-62/T4752:1=2
 
预约/预借
| 序号 | 登录号 | 条形码 | 馆藏地/架位号 | 状态 | 备注 |
| 1 | 0831257 | 208312574 | 自科二线400A/400A自科库 29排1列4层/ [索取号:TB304-62/T4752:1=2] | 在馆 | |
| 2 | 0831258 | 208312583 | 自科二线400A/400A自科库 29排1列4层/ [索取号:TB304-62/T4752:1=2] | 在馆 | |
| 3 | 0831259 | 208312592 | 自科二线400A/400A自科库 29排1列4层/ [索取号:TB304-62/T4752:1=2] | 在馆 |